1889 1210 1237 1172 1522 1839 1989 1806 1778 1816 1323 1815 1371 1535 1528 1129 1870 1252 1645 1392 1368 1627 1895 1897 1631 1820 1557 1852 1305 1422 1003 1249 1892 1980 1927 1703 1603 1651 1764 1170 1260 1349 1623 1745 1588 1762 1719 1464 1512 1146 1815 1733 1180 1916 1933 1339 1074 1010 1889 1626 1922 1067 1398 1250 1975 1347 1247 1207 1464 1372 1208 1590 1399 1981 1354 1764 1994 1917 1362 1300 1565 1125 1729 1239 1456 1589 1322 1947 1778 1008 1533 1409 1603 1918 1493 1301 1867 1870 1760 BCNSPRNW ULIB Ver.6.0+V

เปลี่ยนเป็นภาษาไทย

Change to English
 แสดงรายละเอียดบรรณานุกรม
  กลับหน้าหลัก

Brief Record : Get Marc (ISO 2709) : E-mail record : QR code < ปิดหน้าต่าง
LEADER : 00000nam 2200000uu 4500
001    13399121330
003     ULIB
008    020711s2551 th a 000 0 tha d
020    9786167123028
090    นว.^bพ961ฤ
100    แพรพริมา
245    ฤารักมิอาจเลือน/^cแพรพริมา
250    พิมพ์ครั้งที่ 1
260    กรุงเทพฯ :^bกรีนมายด์,^c2551
945    ^p199^l0^i16423
999    ^aกัณชพร
รายการนี้ยังไม่มีแท็ก
คุณยังไม่ได้ล็อกอิน คุณสามารถมีกิจกรรมร่วมกับเว็บไซต์ได้ แต่ต้องล็อกอินก่อน ::
  ล็อกอิน

รายการสื่อสารสนเทศ

ลำดับที่ ประเภท เลขเรียก/บาร์โค้ด สถานที่ สถานะ
1. นวนิยาย
นวนิยาย
นว. พ961ฤ  
  Barcode: 16423
ห้องสมุดวิทยาเขตสวรรค์ประชารักษ์
►นวนิยาย
บนชั้น
  ขอยืม

BibComment


ยังไม่เคยถูกคอมเมนท์

คอมเมนท์ทรัพยากรรายการนี้
  คอมเมนท์: ฤารักมิอาจเลือน แ..


 Copyright 2026. Bcnsprnw @Library